[Event "GER-ch Seniors 23rd"]
[Site "Halle"]
[Date "2011.08.12"]
[Round "8"]
[White "Wege, Hermann"]
[Black "Weyrauch, Erich"]
[Result "0-1"]
[WhiteElo "1913"]
[BlackElo "2194"]
[PlyCount "112"]
[EventDate "2011.08.05"]
[EventType "swiss"]
[EventRounds "9"]
[EventCountry "GER"]
[SourceTitle "CBM 144 Extra"]
[Source "ChessBase"]
[SourceDate "2011.10.28"]
[SourceVersion "1"]
[SourceVersionDate "2011.10.28"]
[SourceQuality "1"]

1. Nf3 d5 2. g3 c5 3. Bg2 Nc6 4. 0-0 Nf6 5. d3 e5 6. e4 dxe4 7. dxe4 Qc7 8. Nbd2 Bg4 9. c3 Rd8 10. Qe2 Be7 11. h3 Bh5 12. g4 Bg6 13. a4 a6 14. Re1 0-0 15. Nf1 Bxe4 16. Ng3 Bd3 17. Qe3 e4 18. Ng5 Nd5 19. Qd2 Bxg5 20. Qxg5 h6 21. Qh5 Nf6 22. Qxc5 Rd5 23. Qa3 Re8 24. Nf5 Kh7 25. Be3 Qd7 26. b3 Qc7 27. c4 Rdd8 28. Rac1 a5 29. Qb2 Re6 30. Kh1 Qe5 31. Qxe5 Nxe5 32. Nd4 Ra6 33. Nb5 Rd7 34. g5 hxg5 35. Bxg5 Nf3 36. Re3 Nxg5 37. h4 Ne6 38. Bh3 g6 39. Nc3 Rb6 40. Nb5 Rd8 41. Rd1 Nf4 42. Kh2 Nxh3 43. Kxh3 Kg7 44. f3 Rh8 45. fxe4 Bxe4 46. Kg3 Re6 47. Rde1 Nh5+ 48. Kh2 Bf5 49. Nd4 Rxe3 50. Nxf5+ gxf5 51. Rxe3 Nf6 52. Kh3 Re8 53. Rg3+ Ng4 54. b4 axb4 55. Rb3 Re3+ 56. Rxe3 Nxe3 0-1

[Event "GER-ch Seniors 23rd"]
[Site "Halle"]
[Date "2011.08.11"]
[Round "7"]
[White "Mikolajewski, Armin"]
[Black "Wege, Hermann"]
[Result "1/2-1/2"]
[WhiteElo "1990"]
[BlackElo "1913"]
[PlyCount "85"]
[EventDate "2011.08.05"]
[EventType "swiss"]
[EventRounds "9"]
[EventCountry "GER"]
[SourceTitle "CBM 144 Extra"]
[Source "ChessBase"]
[SourceDate "2011.10.28"]
[SourceVersion "1"]
[SourceVersionDate "2011.10.28"]
[SourceQuality "1"]

1. d4 Nf6 2. c4 g6 3. Nc3 Bg7 4. Nf3 0-0 5. e4 d6 6. Be2 Nbd7 7. 0-0 e5 8. dxe5 dxe5 9. Qc2 c6 10. Rd1 Qc7 11. h3 a5 12. Be3 b6 13. Qd2 Re8 14. Rac1 Bf8 15. Qc2 Nc5 16. Nd2 Bb7 17. Na4 Nfd7 18. Nxc5 Nxc5 19. Nf3 Rad8 20. Rxd8 Rxd8 21. Qc3 f6 22. Nd2 Bc8 23. a3 Ne6 24. Qb3 c5 25. Nf3 Bb7 26. Bd3 Bc6 27. Qc3 Kf7 28. Re1 Be7 29. Nd2 h5 30. Nf3 g5 31. Bc2 Nf4 32. Bxf4 gxf4 33. Nh4 Bd7 34. Qf3 Rh8 35. g3 Bxh3 36. gxf4 Rg8+ 37. Kh2 Bg4 38. Qc3 exf4 39. f3 Be6 40. Nf5 Bxf5 41. exf5 Qe5 42. Qxe5 fxe5 43. Be4 1/2-1/2

[Event "Berlin Lichtenrade op 06th"]
[Site "Berlin"]
[Date "2010.10.18"]
[Round "3"]
[White "Wege, Hermann"]
[Black "Cusnariov, Nikolai"]
[Result "0-1"]
[WhiteElo "1952"]
[BlackElo "2170"]
[PlyCount "140"]
[EventDate "2010.10.16"]
[EventType "swiss"]
[EventRounds "9"]
[EventCountry "GER"]
[SourceTitle "CBM 138 Extra"]
[Source "ChessBase"]
[SourceDate "2010.10.29"]
[SourceVersion "1"]
[SourceVersionDate "2010.10.29"]
[SourceQuality "1"]

1. Nf3 c5 2. g3 Nc6 3. Bg2 Nf6 4. 0-0 g6 5. d3 Bg7 6. e4 0-0 7. Nbd2 d5 8. Re1 e5 9. c3 Re8 10. Qe2 h6 11. h3 Be6 12. Nf1 Qd7 13. g4 dxe4 14. dxe4 Rad8 15. Ng3 Qd3 16. Qxd3 Rxd3 17. Be3 c4 18. Bf1 Rd7 19. Red1 Red8 20. Rxd7 Rxd7 21. a4 Ne8 22. a5 a6 23. Kg2 Rc7 24. Ra4 Ne7 25. Nd2 Nd6 26. Ra1 Bf8 27. Be2 Kg7 28. f4 exf4 29. Bxf4 Nec8 30. Nf3 Rc5 31. Nd4 Bd7 32. Bf3 f6 33. Be3 Re5 34. Bf4 Re8 35. Rd1 Ba4 36. Rd2 Nf7 37. Be2 Ncd6 38. Bf3 Ne5 39. Bxe5 Rxe5 40. h4 Kf7 41. h5 Rxa5 42. hxg6+ Kxg6 43. Ndf5 Nf7 44. Rd5 Rb5 45. Nh4+ Kh7 46. Rd2 Ne5 47. Be2 Kg7 48. Ngf5+ Kf7 49. Nd4 Rc5 50. Kf2 Rc7 51. Ke3 h5 52. Nhf5 hxg4 53. Kf4 Bc6 54. Nxc6 Rxc6 55. Bxg4 Nxg4 56. Kxg4 b5 57. Rd5 Rb6 58. Kf4 b4 59. Ke3 b3 60. Kd4 Ba3 61. Kxc4 Bxb2 62. Nd4 Bxc3 63. Nxb3 Be5 64. Nd4 Rb1 65. Rd7+ Kg6 66. Ra7 Rc1+ 67. Kd3 Rd1+ 68. Ke2 Rxd4 69. Rxa6 Rxe4+ 70. Kf3 Kf5 0-1

[Event "GER-ch Seniors 22nd"]
[Site "Berlin"]
[Date "2010.08.24"]
[Round "9"]
[White "Wege, Hermann"]
[Black "Aufmwasser, Guenter"]
[Result "1-0"]
[WhiteElo "1719"]
[BlackElo "1578"]
[PlyCount "69"]
[EventDate "2010.08.16"]
[EventType "swiss"]
[EventRounds "9"]
[EventCountry "GER"]
[SourceTitle "CBM 138 Extra"]
[Source "ChessBase"]
[SourceDate "2010.10.29"]
[SourceVersion "1"]
[SourceVersionDate "2010.10.29"]
[SourceQuality "1"]

1. Nf3 f5 2. d3 Nf6 3. g3 e6 4. c4 c6 5. Nc3 d5 6. cxd5 exd5 7. Bg2 Bd6 8. 0-0 0-0 9. Bg5 h6 10. Bxf6 Qxf6 11. e3 Nd7 12. h4 Ne5 13. Nxe5 Bxe5 14. d4 Bc7 15. Ne2 Bd7 16. b4 b5 17. Qb3 g5 18. hxg5 hxg5 19. a4 a6 20. Rfc1 Bd6 21. axb5 axb5 22. Rxa8 Rxa8 23. Bxd5+ Kg7 24. Bxc6 Rh8 25. Bxd7 Qh6 26. Qd5 Kf6 27. Kf1 f4 28. exf4 Qh3+ 29. Qg2 Qxg2+ 30. Kxg2 Bxb4 31. Rb1 Bd6 32. Rxb5 Rd8 33. Bg4 Bf8 34. Rb6+ Kg7 35. Bf3 1-0

[Event "Berlin Lichtenberger op 8th"]
[Site "Berlin"]
[Date "2009.08.23"]
[Round "9"]
[White "Wege, Hermann"]
[Black "Grassi, Fabrizio"]
[Result "0-1"]
[WhiteElo "1965"]
[BlackElo "1952"]
[PlyCount "52"]
[EventDate "2009.08.15"]
[EventType "swiss"]
[EventRounds "9"]
[EventCountry "GER"]
[SourceTitle "CBM 131 Extra"]
[Source "ChessBase"]
[SourceDate "2009.09.03"]
[SourceVersion "2"]
[SourceVersionDate "2009.09.16"]
[SourceQuality "1"]

1. Nf3 d5 2. g3 Nf6 3. Bg2 Bf5 4. d3 e6 5. 0-0 h6 6. Nbd2 Be7 7. Re1 0-0 8. e4 dxe4 9. dxe4 Nxe4 10. Nh4 Bxh4 11. Rxe4 Bf6 12. Rb4 c5 13. Rxb7 Na6 14. a3 Qd6 15. c3 Nc7 16. Qf3 Rfd8 17. h3 Nd5 18. c4 Nb6 19. Ne4 Bxe4 20. Qxe4 Qd1+ 21. Kh2 Rd4 22. Qf3 Rad8 23. Qxd1 Rxd1 24. Be4 Nxc4 25. Rb1 Nd6 26. Bf4 Nxe4 0-1

[Event "Berlin Lichtenberger op 8th"]
[Site "Berlin"]
[Date "2009.08.15"]
[Round "1"]
[White "Wege, Hermann"]
[Black "Schatz, Dieter"]
[Result "0-1"]
[WhiteElo "1965"]
[BlackElo "2203"]
[PlyCount "100"]
[EventDate "2009.08.15"]
[EventType "swiss"]
[EventRounds "9"]
[EventCountry "GER"]
[SourceTitle "CBM 131 Extra"]
[Source "ChessBase"]
[SourceDate "2009.09.03"]
[SourceVersion "2"]
[SourceVersionDate "2009.09.16"]
[SourceQuality "1"]

1. Nf3 Nf6 2. g3 g6 3. Bg2 Bg7 4. d3 0-0 5. 0-0 d5 6. Nbd2 Nc6 7. e4 e5 8. Re1 h6 9. exd5 Nxd5 10. Ne4 Bg4 11. h3 Be6 12. b3 a5 13. Bb2 Re8 14. a4 b6 15. Rb1 Ndb4 16. Ned2 f6 17. Nc4 Qd7 18. Kh2 Rad8 19. Qe2 Bf7 20. Na3 Nd4 21. Qd1 f5 22. Bxd4 exd4 23. Rxe8+ Rxe8 24. Qd2 g5 25. Re1 Rxe1 26. Qxe1 Qd6 27. Qd2 Qe7 28. Nc4 Nd5 29. Kg1 f4 30. g4 Nc3 31. Kf1 Bf6 32. Qe1 Qxe1+ 33. Nxe1 Be6 34. Be4 Bxc4 35. bxc4 Nxa4 36. Nf3 Kf7 37. Nd2 Nc3 38. Ke1 Ke7 39. Bf5 a4 40. Bc8 Kd6 41. Kf1 Kc5 42. Kg2 Kb4 43. Kf3 Ka3 44. c5 bxc5 45. Nc4+ Kb4 46. Nd2 Nb5 47. Be6 Nd6 48. Nb1 c4 49. dxc4 c5 50. Bd5 a3 0-1

[Event "Berlin Lichtenberger op 7th"]
[Site "Berlin"]
[Date "2008.08.24"]
[Round "9"]
[White "Mahler, Sonja"]
[Black "Wege, Hermann"]
[Result "1-0"]
[WhiteElo "1496"]
[BlackElo "1980"]
[PlyCount "79"]
[EventDate "2008.08.16"]
[EventType "swiss"]
[EventRounds "9"]
[EventCountry "GER"]
[SourceTitle "CBM 126 Extra"]
[Source "ChessBase"]
[SourceDate "2008.11.05"]
[SourceVersion "1"]
[SourceVersionDate "2008.11.05"]
[SourceQuality "1"]

1. d4 d5 2. Bf4 Nf6 3. e3 a6 4. Nf3 Bg4 5. a3 Nbd7 6. c4 c6 7. Bd3 Nh5 8. Bg5 h6 9. Bh4 g5 10. Bg3 Nxg3 11. hxg3 Bg7 12. Qc2 Nf6 13. Nfd2 Qd6 14. Nf1 e5 15. f3 Be6 16. dxe5 Qxe5 17. Nbd2 0-0 18. f4 Qc7 19. fxg5 Ne4 20. Nxe4 dxe4 21. Bxe4 Qa5+ 22. b4 Qxg5 23. Rc1 Rfe8 24. Kf2 Qf6+ 25. Ke1 Qg5 26. Kf2 Rac8 27. c5 Qe5 28. Nd2 Bd5 29. Rh4 Qe7 30. Re1 Qe6 31. Rf4 Bf6 32. Bf5 Qe5 33. Bxc8 Rxc8 34. Rg4+ Bg5 35. Ne4 Qf5+ 36. Rf4 Bxf4 37. exf4 Kg7 38. Qe2 Re8 39. Qb2+ Kg6 40. Nd6 1-0

[Event "Berlin Lichtenberger op 7th"]
[Site "Berlin"]
[Date "2008.08.22"]
[Round "7"]
[White "Wege, Hermann"]
[Black "Wolfram, Mike"]
[Result "1-0"]
[WhiteElo "1980"]
[BlackElo "1434"]
[PlyCount "59"]
[EventDate "2008.08.16"]
[EventType "swiss"]
[EventRounds "9"]
[EventCountry "GER"]
[SourceTitle "CBM 126 Extra"]
[Source "ChessBase"]
[SourceDate "2008.11.05"]
[SourceVersion "1"]
[SourceVersionDate "2008.11.05"]
[SourceQuality "1"]

1. Nf3 Nc6 2. c4 e5 3. Nc3 Nf6 4. e4 Bc5 5. Nxe5 Nxe4 6. Nxe4 Nxe5 7. Nxc5 Qe7 8. Qe2 0-0 9. d4 d6 10. dxe5 dxc5 11. g3 Bf5 12. Bf4 Rad8 13. Qe3 Rd4 14. Bg2 h6 15. h4 Rfd8 16. 0-0 Bd3 17. Rfe1 Bxc4 18. Bf1 Bd5 19. Qc3 g5 20. hxg5 hxg5 21. Be3 f5 22. Bxd4 cxd4 23. Qd3 Qh7 24. Bg2 g4 25. Bxd5+ Rxd5 26. e6 Kf8 27. Qa3+ c5 28. e7+ Ke8 29. Qa4+ Rd7 30. Qxd7+ 1-0

[Event "Berlin Lichtenberger op 7th"]
[Site "Berlin"]
[Date "2008.08.17"]
[Round "2"]
[White "Wege, Hermann"]
[Black "Penner, Markus"]
[Result "0-1"]
[WhiteElo "1980"]
[BlackElo "1423"]
[PlyCount "92"]
[EventDate "2008.08.16"]
[EventType "swiss"]
[EventRounds "9"]
[EventCountry "GER"]
[SourceTitle "CBM 126 Extra"]
[Source "ChessBase"]
[SourceDate "2008.11.05"]
[SourceVersion "1"]
[SourceVersionDate "2008.11.05"]
[SourceQuality "1"]

1. c4 Nf6 2. Nc3 g6 3. e4 d6 4. d4 Bg7 5. Nf3 0-0 6. h3 Nbd7 7. Be2 e5 8. d5 Nc5 9. Qc2 a5 10. Be3 Nfd7 11. g4 c6 12. h4 cxd5 13. cxd5 Qc7 14. Rc1 b6 15. Nb5 Qb8 16. h5 Nf6 17. hxg6 fxg6 18. Ng5 Bxg4 19. Bxg4 Nxg4 20. Rxh7 Nxe3 21. fxe3 Qd8 22. Qg2 Nd3+ 23. Kd2 Rf2+ 24. Qxf2 Nxf2 25. Rxg7+ Kxg7 26. Ne6+ Kh6 27. Nxd8 Rxd8 28. Nc3 Rf8 29. Ke2 Ng4 30. Nd1 Nf6 31. Nf2 g5 32. Rc6 Rd8 33. Kf3 Kh5 34. Kg3 b5 35. Ra6 a4 36. Rb6 g4 37. Rxb5 Rc8 38. Rb6 Rc2 39. Ra6 Kg5 40. Ra8 Rxb2 41. a3 Re2 42. Nxg4 Nxg4 43. Rg8+ Kh5 44. Rxg4 Rxe3+ 45. Kf2 Kxg4 46. Kxe3 Kg3 0-1

[Event "Berlin Lichtenberger op 7th"]
[Site "Berlin"]
[Date "2008.08.16"]
[Round "1"]
[White "Novkovic, Julia"]
[Black "Wege, Hermann"]
[Result "1-0"]
[WhiteElo "2128"]
[BlackElo "1980"]
[PlyCount "40"]
[EventDate "2008.08.16"]
[EventType "swiss"]
[EventRounds "9"]
[EventCountry "GER"]
[SourceTitle "CBM 126 Extra"]
[Source "ChessBase"]
[SourceDate "2008.11.05"]
[SourceVersion "1"]
[SourceVersionDate "2008.11.05"]
[SourceQuality "1"]

1. e4 c5 2. Nc3 e6 3. Nf3 a6 4. d4 cxd4 5. Nxd4 Qc7 6. Bd3 Nc6 7. Nxc6 dxc6 8. a4 b6 9. 0-0 e5 10. Qe2 Nf6 11. Kh1 Be7 12. f4 Bg4 13. Qe1 Bc8 14. fxe5 Qxe5 15. Bf4 Qc5 16. e5 Nd5 17. Ne4 Qd4 18. Nd6+ Bxd6 19. exd6+ Be6 20. Rd1 0-0 1-0

[Event "Berlin op 08"]
[Site "Berlin"]
[Date "2006.08.27"]
[Round "9"]
[White "Wege, Hermann"]
[Black "Wagner, Paul Werner"]
[Result "1-0"]
[WhiteElo "1656"]
[BlackElo "1811"]
[PlyCount "70"]
[EventDate "2006.08.19"]
[EventType "swiss"]
[EventRounds "9"]
[EventCountry "GER"]
[SourceTitle "EXT 2007"]
[Source "ChessBase"]
[SourceDate "2006.11.23"]
[SourceVersion "1"]
[SourceVersionDate "2006.11.23"]
[SourceQuality "1"]

1. c4 Nf6 2. Nc3 c5 3. Nf3 Nc6 4. d4 cxd4 5. Nxd4 g6 6. e4 d6 7. Be2 Bg7 8. Be3 0-0 9. 0-0 Bd7 10. Rb1 Nxd4 11. Bxd4 Bc6 12. Qd3 b6 13. f4 Rc8 14. Rbd1 Qc7 15. Rc1 e6 16. e5 dxe5 17. Bxe5 Qb7 18. Bf3 Rfd8 19. Qe2 Bxf3 20. Rxf3 Qc6 21. Rd3 Rxd3 22. Qxd3 Qxc4 23. Rd1 Qxd3 24. Rxd3 Nd5 25. Kf2 Nxf4 26. Bxf4 e5 27. Bg5 f6 28. Be3 f5 29. g3 e4 30. Rd7 Bxc3 31. bxc3 Rxc3 32. Rxa7 Rc2+ 33. Kg1 b5 34. Bh6 Rc5 35. Rg7+ Kh8 1-0

[Event "Berlin op 08"]
[Site "Berlin"]
[Date "2006.08.26"]
[Round "8"]
[White "Schneider, Eckehard"]
[Black "Wege, Hermann"]
[Result "0-1"]
[WhiteElo "1578"]
[BlackElo "1656"]
[PlyCount "45"]
[EventDate "2006.08.19"]
[EventType "swiss"]
[EventRounds "9"]
[EventCountry "GER"]
[SourceTitle "EXT 2007"]
[Source "ChessBase"]
[SourceDate "2006.11.23"]
[SourceVersion "1"]
[SourceVersionDate "2006.11.23"]
[SourceQuality "1"]

1. e4 c5 2. c3 Nf6 3. e5 Nd5 4. d4 cxd4 5. Nf3 e6 6. cxd4 d6 7. Nc3 Nxc3 8. bxc3 dxe5 9. Nxe5 Qc7 10. Bd2 Nc6 11. Qa4 Bd6 12. Nxc6 bxc6 13. Bd3 Bd7 14. Qc2 f5 15. c4 0-0 16. g3 c5 17. dxc5 Bxc5 18. 0-0 e5 19. Rfe1 Rae8 20. Bc3 e4 21. Be2 f4 22. Qd2 Bc6 23. Rad1 0-1

[Event "Berlin op 08"]
[Site "Berlin"]
[Date "2006.08.19"]
[Round "1"]
[White "Wege, Hermann"]
[Black "Werninghaus, Klaus Peter"]
[Result "1/2-1/2"]
[WhiteElo "1656"]
[BlackElo "1465"]
[PlyCount "57"]
[EventDate "2006.08.19"]
[EventType "swiss"]
[EventRounds "9"]
[EventCountry "GER"]
[SourceTitle "EXT 2007"]
[Source "ChessBase"]
[SourceDate "2006.11.23"]
[SourceVersion "1"]
[SourceVersionDate "2006.11.23"]
[SourceQuality "1"]

1. c4 c5 2. Nf3 b6 3. Nc3 e6 4. e4 Bb7 5. d4 cxd4 6. Nxd4 a6 7. Bd3 Nc6 8. Nxc6 dxc6 9. 0-0 Nf6 10. Bg5 h6 11. Be3 Bd6 12. f4 Nd7 13. Qg4 g6 14. Bc2 h5 15. Qf3 Qc7 16. e5 Be7 17. Ne4 0-0-0 18. Qf2 c5 19. Rfd1 Bxe4 20. Bxe4 Nb8 21. b4 Rxd1+ 22. Rxd1 Rd8 23. Rc1 Rd7 24. bxc5 Bxc5 25. Bxc5 Qxc5 26. Qxc5+ bxc5 27. Bf3 Kc7 28. Rc2 Nc6 29. Bxc6 1/2-1/2

[Event "Wch Seniors 14th"]
[Site "Halle"]
[Date "2004.11.05"]
[Round "11"]
[White "Blaushtain, Boris"]
[Black "Wege, Hermann"]
[Result "1-0"]
[WhiteElo "2199"]
[BlackElo "1711"]
[PlyCount "67"]
[EventDate "2004.10.24"]
[EventType "swiss"]
[EventRounds "11"]
[EventCountry "GER"]
[SourceTitle "EXT 2005"]
[Source "ChessBase"]
[SourceDate "2004.11.15"]
[SourceVersion "1"]
[SourceVersionDate "2004.11.15"]
[SourceQuality "1"]

1. e4 c5 2. Qe2 Nc6 3. c3 Nf6 4. g3 d6 5. Bg2 e5 6. d3 Be7 7. h3 0-0 8. Be3 d5 9. Bg5 d4 10. c4 h6 11. Bc1 Ne8 12. Nd2 Be6 13. Ngf3 Qc7 14. 0-0 f5 15. exf5 Bxf5 16. Ne4 Nf6 17. Nxf6+ Bxf6 18. Nd2 Kh7 19. Ne4 Be7 20. f4 Bxe4 21. Bxe4+ Kh8 22. Qh5 Rf6 23. Bd2 Raf8 24. Rab1 Bd6 25. f5 Qf7 26. Qh4 Ne7 27. g4 h5 28. Bg5 Rh6 29. Bxh6 gxh6 30. f6 Nc6 31. Rf5 Nd8 32. Rxh5 Qxf6 33. Rxh6+ Kg8 34. Rxf6 1-0

[Event "Wch Seniors 14th"]
[Site "Halle"]
[Date "2004.11.04"]
[Round "10"]
[White "Wege, Hermann"]
[Black "Kripp, Wolfgang"]
[Result "1/2-1/2"]
[WhiteElo "1711"]
[BlackElo "2152"]
[PlyCount "50"]
[EventDate "2004.10.24"]
[EventType "swiss"]
[EventRounds "11"]
[EventCountry "GER"]
[SourceTitle "EXT 2005"]
[Source "ChessBase"]
[SourceDate "2004.11.15"]
[SourceVersion "1"]
[SourceVersionDate "2004.11.15"]
[SourceQuality "1"]

1. c4 e6 2. Nf3 d5 3. Nc3 d4 4. Ne4 c5 5. d3 f5 6. Neg5 h6 7. Nh3 Bd6 8. Nf4 Ne7 9. h4 e5 10. Nd5 Nxd5 11. cxd5 e4 12. Nd2 e3 13. Nc4 exf2+ 14. Kxf2 Be7 15. e4 0-0 16. Kg1 fxe4 17. dxe4 Bxh4 18. Qh5 Bf2+ 19. Kh2 b5 20. Ne5 Qd6 21. g3 Be3 22. Bg2 Nd7 23. Nxd7 Qxd7 24. Bxe3 dxe3 25. Rhe1 Rf2 1/2-1/2

[Event "Wch Seniors 14th"]
[Site "Halle"]
[Date "2004.10.29"]
[Round "6"]
[White "Wege, Hermann"]
[Black "Just, Gabriele"]
[Result "1/2-1/2"]
[WhiteElo "1711"]
[BlackElo "2053"]
[PlyCount "47"]
[EventDate "2004.10.24"]
[EventType "swiss"]
[EventRounds "11"]
[EventCountry "GER"]
[SourceTitle "EXT 2005"]
[Source "ChessBase"]
[SourceDate "2004.11.15"]
[SourceVersion "1"]
[SourceVersionDate "2004.11.15"]
[SourceQuality "1"]

1. c4 f5 2. Nf3 Nf6 3. Nc3 e6 4. g3 Bb4 5. Bg2 0-0 6. 0-0 Bxc3 7. bxc3 d6 8. d3 Qe8 9. Rb1 Nbd7 10. Ng5 Nc5 11. Qc2 h6 12. Nh3 e5 13. Be3 Qh5 14. f4 Ng4 15. Bd2 Kh8 16. Qc1 Bd7 17. Be3 exf4 18. Bxc5 dxc5 19. Qxf4 Rfe8 20. Rxb7 Rxe2 21. Qxc7 Rxg2+ 22. Kxg2 Ne3+ 23. Kg1 Nxf1 24. Qxd7 1/2-1/2